[Event "6' Festival Int.  Usciamo dallo Stallo"]
[Site "?"]
[Date "2024.01.07"]
[Round "4"]
[White "Cecere, Enrico"]
[Black "Brugnoni, Lorenzo"]
[Result "1-0"]
[WhiteElo "1956"]
[BlackElo "1904"]
[PlyCount "161"]
[EventDate "2024.??.??"]
[SourceDate "2024.01.09"]

1. d4 d5 2. c4 e6 3. Nc3 Nf6 4. Bg5 Be7 5. e3 c6 6. Bd3 Nbd7 7. cxd5 exd5 8.
Nge2 h6 9. Bh4 Nh5 10. Bxe7 Qxe7 11. Qc2 Nhf6 12. Ng3 g6 13. O-O O-O 14. Rfe1
Kg7 15. e4 dxe4 16. Ngxe4 Qb4 17. Ne2 Nxe4 18. Bxe4 Nf6 19. Bf3 Bf5 20. Qc3 Qd6
21. Ng3 Be6 22. Qc5 Rfd8 23. Rad1 Qxc5 24. dxc5 Bxa2 25. Rxd8 Rxd8 26. Ra1 Bc4
27. Rxa7 Ba6 28. h3 Rd2 29. Bxc6 Rxb2 30. Bf3 Ne8 31. c6 Nd6 32. Ne4 Nc8 33.
Ra8 Nb6 34. cxb7 Bxb7 35. Ra7 Nc8 36. Ra3 f5 37. Nd2 Bxf3 38. Nxf3 Re2 39. Ra6
Kf7 40. h4 h5 41. Ng5+ Kg7 42. Ne6+ Kf7 43. Nf4 Re1+ 44. Kh2 Ne7 45. g3 Re5 46.
Kg2 Rc5 47. Rd6 Rc6 48. Rd8 Rc8 49. Rd7 Rc6 50. Kf3 Ke8 51. Rb7 Rd6 52. Nh3 Kf7
53. Ng5+ Kf6 54. Nh7+ Kf7 55. Kf4 Rb6 56. Ng5+ Kf8 57. Rxb6 Nd5+ 58. Ke5 Nxb6
59. Kf6 Nd5+ 60. Kxg6 Ne7+ 61. Kf6 Ke8 62. Ne6 Nd5+ 63. Kxf5 Kf7 64. Nf4 Nf6
65. f3 Ke7 66. Kg6 Nd7 67. Kxh5 Kf7 68. Nd3 Kg7 69. Kg5 Nf8 70. Nc5 Nh7+ 71.
Kf5 Kf7 72. g4 Nf6 73. g5 Nh5 74. g6+ Kg8 75. Kg5 Ng7 76. f4 Ne8 77. f5 Kg7 78.
f6+ Kh8 79. f7 Nf6 80. f8=Q+ Ng8 81. Qb8 1-0